[Event "American Continental 17th"]
[Site "Juan Dolio"]
[Date "2023.05.18"]
[Round "5"]
[White "Camacho Campusano, David Daniel"]
[Black "Munoz Santana, Jose Lisandro"]
[Result "1/2-1/2"]
[WhiteElo "2176"]
[BlackElo "2404"]
[PlyCount "74"]
[EventDate "2023.05.15"]
[EventType "swiss"]
[EventRounds "11"]
[EventCountry "DOM"]
[SourceTitle "CBM 214 Extra"]
[Source "ChessBase"]
[SourceDate "2023.07.31"]
[SourceVersion "1"]
[SourceVersionDate "2023.07.31"]
[SourceQuality "1"]

1. e4 c5 2. Nf3 e6 3. d4 cxd4 4. Nxd4 a6 5. Nc3 Qc7 6. Be2 b5 7. a3 Bb7 8. 0-0 Nf6 9. Bf3 d6 10. Re1 Be7 11. e5 dxe5 12. Bxb7 Qxb7 13. Rxe5 Nbd7 14. Re3 Nb6 15. Qe2 Rd8 16. Nb3 0-0 17. Rg3 Rfe8 18. Bh6 g6 19. Re1 Nc4 20. h4 Qc7 21. Nd2 Nxb2 22. Nde4 Nxe4 23. Nxe4 f5 24. h5 Kf7 25. hxg6+ hxg6 26. Ng5+ Bxg5 27. Bxg5 Rd7 28. Rh3 Nc4 29. Rd1 Kg7 30. Rxd7+ Qxd7 31. Rd3 Qc6 32. Qd1 Rf8 33. Rd7+ Rf7 34. Rd8 e5 35. Qd3 Rf8 36. Rxf8 Kxf8 37. Qd8+ Qe8 1/2-1/2

[Event "Olympiad-44"]
[Site "Chennai"]
[Date "2022.08.07"]
[Round "9.1"]
[White "Munoz Santana, Jose Lisandro"]
[Black "Dardha, Daniel"]
[Result "0-1"]
[WhiteElo "2423"]
[BlackElo "2575"]
[PlyCount "82"]
[EventDate "2022.07.29"]
[EventType "team-swiss"]
[EventRounds "11"]
[EventCountry "IND"]
[SourceTitle "CBM 210"]
[Source "ChessBase"]
[SourceDate "2022.10.31"]
[SourceVersion "1"]
[SourceVersionDate "2022.10.31"]
[SourceQuality "1"]
[WhiteTeam "Dominican Republic"]
[BlackTeam "Belgium"]
[WhiteTeamCountry "DOM"]
[BlackTeamCountry "BEL"]

1. e4 c5 2. Nf3 d6 3. d4 Nf6 4. Nc3 cxd4 5. Nxd4 Nc6 6. Bg5 a6 7. Qd2 e6 8. 0-0-0 Bd7 9. f3 Nxd4 10. Qxd4 Be7 11. Kb1 Qc7 12. g4 b5 13. Be3 b4 14. Ne2 0-0 15. g5 Rfc8 16. Qd2 Ne8 17. Nd4 d5 18. e5 Bc5 19. f4 Qb6 20. Rg1 Nc7 21. Rg3 Bb5 22. Nb3 Bxe3 23. Rxe3 Bc4 24. Rh3 Nb5 25. Bd3 g6 26. Qe1 Bxd3 27. cxd3 Qd8 28. Rh6 Qc7 29. Rc1 Qb6 30. Rd1 Kg7 31. d4 Rc4 32. Rd3 Rh8 33. Qh4 Nc3+ 34. bxc3 bxc3 35. Rh3 c2+ 36. Kc1 Qb4 37. Rxh7+ Kf8 38. Rxh8+ Ke7 39. Rc3 Rxc3 40. Qe1 Qa3+ 41. Kd2 c1Q+ 0-1

[Event "DOM-ch"]
[Site "Santo Domingo"]
[Date "2021.05.08"]
[Round "2"]
[White "Munoz Santana, Jose Lisandro"]
[Black "Mendez Ramirez, Victor"]
[Result "1/2-1/2"]
[WhiteElo "2418"]
[BlackElo "2111"]
[PlyCount "67"]
[EventDate "2021.05.07"]
[EventType "swiss"]
[EventRounds "11"]
[EventCountry "DOM"]
[SourceTitle "CBM 203 Extra"]
[Source "ChessBase"]
[SourceDate "2021.09.30"]
[SourceVersion "1"]
[SourceVersionDate "2021.09.30"]
[SourceQuality "1"]

1. e4 c5 2. Nf3 g6 3. c3 d5 4. exd5 Qxd5 5. d4 Bg7 6. Na3 cxd4 7. Bc4 Qe4+ 8. Be3 Nh6 9. cxd4 0-0 10. 0-0 Bg4 11. Ng5 Qxe3 12. fxe3 Bxd1 13. Raxd1 Nf5 14. Rf3 Nd6 15. Bb3 Bf6 16. Nh3 Nc6 17. Nf4 Rad8 18. Rdf1 Ne4 19. Nb1 Bg5 20. Ne2 e6 21. a3 Ne7 22. Nec3 Nd6 23. Nd2 Ndf5 24. Nc4 Nc6 25. g4 Nfxd4 26. exd4 Nxd4 27. Bd1 Nxf3+ 28. Bxf3 Rd3 29. Na5 Rd2 30. Nc4 Rd4 31. b3 Rd3 32. Ne4 Be7 33. Bd1 Rd4 34. Nc3 1/2-1/2

[Event "DOM-ch"]
[Site "Santo Domingo"]
[Date "2019.05.11"]
[Round "10"]
[White "Munoz Santana, Jose Lisandro"]
[Black "Camacho Campusano, David Daniel"]
[Result "1-0"]
[WhiteElo "2425"]
[BlackElo "2147"]
[PlyCount "87"]
[EventDate "2019.04.26"]
[EventType "swiss"]
[EventRounds "11"]
[EventCountry "DOM"]
[SourceTitle "CBM 190 Extra"]
[Source "ChessBase"]
[SourceDate "2019.07.15"]
[SourceVersion "1"]
[SourceVersionDate "2019.07.15"]
[SourceQuality "1"]

1. e4 e5 2. Nf3 Nc6 3. Bc4 Nf6 4. d3 Bc5 5. c3 d6 6. Bb3 h6 7. 0-0 a6 8. Re1 0-0 9. Nbd2 Ba7 10. Nf1 Ne7 11. Ng3 Ng6 12. d4 Bg4 13. Qd3 Nh5 14. h3 Nhf4 15. Bxf4 Nxf4 16. Qd1 Bxf3 17. Qxf3 Qg5 18. Rad1 Rad8 19. Nf5 g6 20. Ne3 Kg7 21. Rd2 c6 22. Red1 exd4 23. cxd4 d5 24. exd5 Nxd5 25. Nxd5 cxd5 26. Re2 Qf6 27. Qxf6+ Kxf6 28. Re5 Bxd4 29. Rxd5 Rxd5 30. Bxd5 Bxb2 31. Rb1 Be5 32. Rxb7 Rd8 33. Bxf7 Kg5 34. Bb3 h5 35. g3 Bd4 36. Kg2 Rd6 37. f4+ Kh6 38. g4 Bg7 39. g5+ Kh7 40. Ra7 Kh8 41. Kf3 Bc3 42. f5 gxf5 43. Kf4 a5 44. Kxf5 1-0

[Event "DOM-ch"]
[Site "Santo Domingo"]
[Date "2018.05.04"]
[Round "9"]
[White "Munoz Santana, Jose Lisandro"]
[Black "Guzman, Christopher"]
[Result "1-0"]
[WhiteElo "2436"]
[BlackElo "2286"]
[PlyCount "73"]
[EventDate "2018.04.20"]
[EventType "swiss"]
[EventRounds "11"]
[EventCountry "DOM"]
[SourceTitle "CBM 184 Extra"]
[Source "ChessBase"]
[SourceDate "2018.06.28"]
[SourceVersion "1"]
[SourceVersionDate "2018.06.28"]
[SourceQuality "1"]

1. d4 Nf6 2. c4 e6 3. Nc3 d5 4. cxd5 exd5 5. Bg5 Be7 6. e3 0-0 7. Bd3 c5 8. Nge2 cxd4 9. Nxd4 h6 10. Bh4 Nc6 11. Nxc6 bxc6 12. 0-0 Be6 13. Rc1 Qa5 14. Qa4 Qb6 15. Qc2 Rac8 16. e4 Rfe8 17. Na4 Qa5 18. e5 Ne4 19. Bxe7 Rxe7 20. b3 Qb4 21. f3 Ng5 22. Nc5 Bd7 23. f4 Ne6 24. Nxd7 Rxd7 25. f5 Nf4 26. Kh1 Re7 27. Ba6 Rcc7 28. Qf2 Qa5 29. Qxf4 Qxa6 30. f6 Re6 31. Qg3 g6 32. Qe3 Kh7 33. Rf3 Qa3 34. Rc5 Qb2 35. Rh3 h5 36. Qg5 Kg8 37. Rxh5 1-0

[Event "DOM-ch"]
[Site "Santo Domingo"]
[Date "2017.05.06"]
[Round "10"]
[White "Arvelo Leo, Gian Carlo"]
[Black "Munoz Santana, Jose Lisandro"]
[Result "1-0"]
[WhiteElo "2174"]
[BlackElo "2433"]
[PlyCount "89"]
[EventDate "2017.04.21"]
[EventType "swiss"]
[EventRounds "11"]
[EventCountry "DOM"]
[SourceTitle "CBM 178 Extra"]
[Source "ChessBase"]
[SourceDate "2017.06.22"]
[SourceVersion "1"]
[SourceVersionDate "2017.06.22"]
[SourceQuality "1"]

1. d4 Nf6 2. c4 g6 3. Nc3 Bg7 4. e4 d6 5. Nf3 0-0 6. Be2 Na6 7. 0-0 c5 8. d5 Nc7 9. Bf4 Bg4 10. Qd2 Rb8 11. a4 a6 12. a5 Nd7 13. Ra3 b5 14. axb6 Rxb6 15. b3 Re8 16. Rb1 Qb8 17. Bh6 Bh8 18. Na4 Rb4 19. Nc3 Bxf3 20. Bxf3 Qb7 21. h3 Rb8 22. Bd1 Qc8 23. Bc2 Bg7 24. Bxg7 Kxg7 25. f4 Qh8 26. e5 Kg8 27. Ne4 R4b6 28. Rf1 dxe5 29. f5 Ne8 30. Qf2 gxf5 31. Qxf5 Ndf6 32. Nxc5 Qg7 33. Qxe5 Qh6 34. Qf4 Qxf4 35. Rxf4 Rc8 36. Rxa6 Rxa6 37. Nxa6 Nxd5 38. Rd4 Ne3 39. Bd3 Nd6 40. c5 Nb7 41. b4 e6 42. Be4 Nd8 43. Kf2 e5 44. Rxd8+ Rxd8 45. Kxe3 1-0

[Event "Olympiad-42"]
[Site "Baku"]
[Date "2016.09.11"]
[Round "9.1"]
[White "Munoz Santana, Jose Lisandro"]
[Black "Machin Rivera, Mark"]
[Result "1/2-1/2"]
[WhiteElo "2439"]
[BlackElo "2339"]
[PlyCount "82"]
[EventDate "2016.09.02"]
[EventType "team-swiss"]
[EventRounds "11"]
[EventCountry "AZE"]
[SourceTitle "CBM 175"]
[Source "ChessBase"]
[SourceDate "2016.11.10"]
[SourceVersion "1"]
[SourceVersionDate "2016.11.10"]
[SourceQuality "1"]
[WhiteTeam "Dominican Republic"]
[BlackTeam "Puerto Rico"]
[WhiteTeamCountry "DOM"]
[BlackTeamCountry "PUR"]

1. d4 g6 2. c4 Bg7 3. Nf3 Nf6 4. g3 0-0 5. Bg2 d6 6. 0-0 Nc6 7. Nc3 a6 8. Bf4 Rb8 9. Rc1 Bg4 10. h3 Bxf3 11. Bxf3 Nd7 12. Bxc6 bxc6 13. Qd2 c5 14. d5 Qc8 15. b3 c6 16. dxc6 Qxc6 17. Nd5 Rfe8 18. Bg5 Bf8 19. h4 e6 20. Nc3 Ne5 21. Rfd1 f5 22. Bf4 Nf7 23. e4 Bg7 24. Re1 Bxc3 25. Qxc3 e5 26. Bd2 fxe4 27. Qc2 Nd8 28. Rxe4 Ne6 29. Be3 Nd4 30. Bxd4 exd4 31. Rce1 Rxe4 32. Rxe4 Re8 33. Re2 Re5 34. f4 Rxe2 35. Qxe2 Kf7 36. f5 gxf5 37. Qh5+ Kf6 38. Qg5+ Ke6 39. Qh6+ Ke5 40. Qf4+ Ke6 41. Qh6+ Ke5 1/2-1/2

[Event "Olympiad-42"]
[Site "Baku"]
[Date "2016.09.09"]
[Round "7.1"]
[White "Abdyjapar, Asyl"]
[Black "Munoz Santana, Jose Lisandro"]
[Result "1-0"]
[WhiteElo "2390"]
[BlackElo "2439"]
[PlyCount "43"]
[EventDate "2016.09.02"]
[EventType "team-swiss"]
[EventRounds "11"]
[EventCountry "AZE"]
[SourceTitle "CBM 175"]
[Source "ChessBase"]
[SourceDate "2016.11.10"]
[SourceVersion "1"]
[SourceVersionDate "2016.11.10"]
[SourceQuality "1"]
[WhiteTeam "Kyrgyzstan"]
[BlackTeam "Dominican Republic"]
[WhiteTeamCountry "KGZ"]
[BlackTeamCountry "DOM"]

1. d4 Nf6 2. c4 e6 3. Nc3 Bb4 4. Qc2 0-0 5. a3 Bxc3+ 6. Qxc3 b6 7. Bg5 Bb7 8. f3 d6 9. e3 Nbd7 10. Bd3 h6 11. Bh4 e5 12. Ne2 e4 13. fxe4 g5 14. Bg3 Nxe4 15. Qc2 Qe7 16. 0-0 Nxg3 17. Nxg3 Qxe3+ 18. Kh1 Qxd4 19. Rad1 Qh8 20. Nh5 Rae8 21. Bf5 Ne5 22. Bh7+ 1-0